[Event "VIII Festival A"]
[Site "Robecchetto con Induno ITA"]
[Date "1996.06.??"]
[Round "3"]
[White "Aglietti, Graziano"]
[Black "Guglielmi, Nicolo'"]
[Result "1-0"]
[WhiteElo "1755"]
[BlackElo "1770"]
[PlyCount "75"]
[EventDate "1996.06.24"]

1. c4 e6 2. Nf3 d5 3. g3 Nf6 4. Bg2 Be7 5. O-O O-O 6. Qb3 c6 7. d4 Nbd7 8. Nc3
Re8 9. Re1 Nb6 10. cxd5 exd5 11. e4 dxe4 12. Ng5 Nbd5 13. Ncxe4 Nxe4 14. Nxe4
Kf8 15. Bd2 Qb6 16. Qc4 Bf5 17. b3 Rad8 18. Nc5 Qc7 19. Re5 Nb6 20. Qc3 Bg6 21.
Bf4 Qc8 22. Rae1 Nd5 23. Qf3 b6 24. Ne4 f6 25. Bd2 Kg8 26. Rh5 Bxh5 27. Qxh5
Bb4 28. Bxb4 Nxb4 29. Bh3 Qc7 30. Nxf6+ gxf6 31. Rxe8+ Rxe8 32. Qxe8+ Kg7 33.
Be6 Nxa2 34. Qg8+ Kh6 35. Bf5 Qg7 36. Qe6 Nb4 37. Be4 Qf8 38. Qh3+ 1-0

[Event "VIII Festival A"]
[Site "Robecchetto con Induno ITA"]
[Date "1996.06.??"]
[Round "3"]
[White "Attorre, Michele"]
[Black "Loda', Domenico"]
[Result "1/2-1/2"]
[WhiteElo "2010"]
[BlackElo "1632"]
[PlyCount "83"]
[EventDate "1996.06.24"]

1. d4 Nf6 2. Nf3 d6 3. e3 g6 4. b3 Bg7 5. Bb2 O-O 6. Bd3 b6 7. Nbd2 Bb7 8. c4
Nbd7 9. O-O Re8 10. e4 e5 11. d5 a5 12. Re1 Nc5 13. Bf1 Bh6 14. Ba3 Bc8 15.
Bxc5 bxc5 16. g3 Bd7 17. Bg2 Qc8 18. Nf1 Bh3 19. Qd3 Rf8 20. Ne3 Bxg2 21. Kxg2
a4 22. Nh4 Bg5 23. Nf3 Bh6 24. h3 Nh5 25. Ng4 Bg7 26. Qe3 f6 27. Nh4 Qe8 28.
Nh6+ Kh8 29. Rab1 axb3 30. Rxb3 Rxa2 31. Rb7 Qc8 32. Reb1 Ra8 33. N6f5 Qd8 34.
Qf3 Rc8 35. Ne3 Qd7 36. R1b5 Rf7 37. Qg4 Qe8 38. Nef5 Rf8 39. Ne3 Bh6 40. Qe2
Qd8 41. Ng4 Bg7 42. Ne3 1/2-1/2

[Event "VIII Festival A"]
[Site "Robecchetto con Induno ITA"]
[Date "1996.06.??"]
[Round "3"]
[White "Cillo, Angelo"]
[Black "Carbone, Lorenzo"]
[Result "1-0"]
[WhiteElo "1794"]
[BlackElo "1692"]
[PlyCount "141"]
[EventDate "1996.06.24"]

1. d4 d5 2. e3 Nf6 3. Bd3 e6 4. Nd2 Be7 5. f4 c5 6. c3 Nc6 7. Ngf3 Ng4 8. Qe2
cxd4 9. exd4 Qc7 10. Ne5 Nf6 11. O-O O-O 12. g4 g6 13. Ndf3 b6 14. Kh1 Bb7 15.
f5 exf5 16. gxf5 Nh5 17. Bh6 Rfe8 18. fxg6 hxg6 19. Nxf7 Bf8 20. N3e5 Nxe5 21.
Nxe5 Bxh6 22. Bxg6 Rxe5 23. dxe5 d4+ 24. Be4 Qxe5 25. Qg2+ Ng3+ 26. Qxg3+ Qxg3
27. hxg3 Bxe4+ 28. Kh2 d3 29. Rf6 Kg7 30. Raf1 Bg6 31. Rd6 Be3 32. Rd7+ Kg8 33.
Rf6 Bh7 34. Rff7 Be4 35. Rg7+ Kh8 36. Rge7 Bf5 37. Rd5 Bg5 38. Ree5 Bg4 39.
Rxg5 Be2 40. Kg1 Rf8 41. Rgf5 Re8 42. Kf2 Kg7 43. Rde5 Rh8 44. Rxe2 Rh2+ 45.
Ke3 Rxe2+ 46. Kxd3 Rxb2 47. a4 Kg6 48. Rf4 Kg5 49. Rf7 a5 50. Kc4 Rb1 51. Rf8
Kg6 52. Rg8+ Kf7 53. Rg5 Rg1 54. g4 Kf6 55. Rf5+ Ke6 56. Rf4 Ke5 57. Rf5+ Ke6
58. Rg5 Kf6 59. Rg8 Kf7 60. Rg5 Kf6 61. Rf5+ Ke6 62. Rf4 Ke5 63. Rd4 Rg3 64. g5
Ke6 65. Rh4 Kd6 66. Rh6+ Kc7 67. g6 Rg4+ 68. Kb5 Rg5+ 69. Ka6 Kc6 70. g7+ Kc5
71. Rh5 1-0

[Event "VIII Festival A"]
[Site "Robecchetto con Induno ITA"]
[Date "1996.06.??"]
[Round "3"]
[White "Delanoy, Arnaud"]
[Black "Amarilli, Francesco"]
[Result "1/2-1/2"]
[WhiteElo "2150"]
[BlackElo "1890"]
[PlyCount "92"]
[EventDate "1996.06.24"]

1. e4 e6 2. d4 d5 3. Nc3 Bb4 4. exd5 exd5 5. Bd3 Nc6 6. a3 Bxc3+ 7. bxc3 Nge7
8. Qh5 g6 9. Qf3 Nf5 10. Ne2 Be6 11. Rb1 b6 12. O-O Qd7 13. Bg5 f6 14. Bd2 g5
15. Bxf5 Bxf5 16. Ng3 Ne7 17. Rfe1 Bxc2 18. Rbc1 Bg6 19. Qxf6 Rf8 20. Qxg5 Rf7
21. h4 O-O-O 22. Qe3 Nf5 23. Nxf5 Qxf5 24. Qe6+ Rdd7 25. Qxf5 Bxf5 26. Re8+ Rd8
27. Rce1 Rxe8 28. Rxe8+ Kd7 29. Re5 Be6 30. f3 c5 31. Kf2 cxd4 32. cxd4 Rf8 33.
g3 Bg4 34. Bf4 Be6 35. Rh5 Bg8 36. Rg5 Kc6 37. Rg7 Ra8 38. g4 Kb5 39. h5 Kc4
40. Be5 b5 41. g5 b4 42. axb4 Kxb4 43. h6 a5 44. g6 hxg6 45. Rxg8 Rxg8 46. h7
Rc8 1/2-1/2

[Event "VIII Festival A"]
[Site "Robecchetto con Induno ITA"]
[Date "1996.06.??"]
[Round "3"]
[White "Gandolfo, Marco"]
[Black "Barlocco, Carlo"]
[Result "1-0"]
[WhiteElo "1961"]
[BlackElo "2170"]
[PlyCount "106"]
[EventDate "1996.06.24"]

1. g3 e5 2. Bg2 d5 3. c3 c6 4. d4 Nd7 5. dxe5 Nxe5 6. Nd2 Nf6 7. Ngf3 Bd6 8.
O-O O-O 9. Nxe5 Bxe5 10. Nf3 Bc7 11. Qc2 Re8 12. Bf4 Bg4 13. Bxc7 Qxc7 14. e3
Ne4 15. Nd2 f5 16. Nb3 Bh5 17. Nd4 Bg6 18. f4 Qb6 19. Rfe1 Nd6 20. Qf2 Re7 21.
Re2 Rae8 22. Rae1 Kh8 23. h3 c5 24. Nb3 Bh5 25. Bf3 Ne4 26. Qg2 Bxf3 27. Qxf3
Qa6 28. a3 Re6 29. Kh2 Rg6 30. Rg1 Qe6 31. Nc1 c4 32. Reg2 Nf6 33. Re1 Rh6 34.
Rge2 Ne4 35. Rc2 g5 36. Qd1 Rg8 37. Qd4+ Rg7 38. Ne2 Nf2 39. Kg2 Nd3 40. Rh1 g4
41. h4 b6 42. Rd2 Kg8 43. Rhd1 Re7 44. Rxd3 cxd3 45. Rxd3 Rf6 46. Kf2 Rd7 47.
c4 dxc4 48. Qxd7 cxd3 49. Qxd3 Rf7 50. Qd8+ Kg7 51. Nd4 Qd7 52. Qg5+ Kh8 53. h5
Qe7 1-0

[Event "VIII Festival A"]
[Site "Robecchetto con Induno ITA"]
[Date "1996.06.??"]
[Round "3"]
[White "Giordani, Marco"]
[Black "Giretti Kanev, Jasen"]
[Result "1-0"]
[WhiteElo "1947"]
[BlackElo "2220"]
[PlyCount "91"]
[EventDate "1996.06.24"]

1. e4 d6 2. d4 Nf6 3. f3 Nbd7 4. c4 e5 5. d5 Be7 6. Nc3 O-O 7. Be3 Nh5 8. Qd2
a5 9. O-O-O Nc5 10. Nge2 f5 11. exf5 Nf4 12. g4 Nfd3+ 13. Kb1 a4 14. Ng3 Nf4
15. Nce4 a3 16. b3 g6 17. Nxc5 dxc5 18. Bd3 Nxd3 19. Qxd3 Ra6 20. fxg6 Rxg6 21.
Bc1 Ra6 22. h4 Bxh4 23. Rh3 Rf7 24. Rdh1 Bxg3 25. Rxg3 Qf6 26. Rgh3 Qg6 27.
Qxg6+ Rxg6 28. Bxa3 Rgf6 29. Bb2 Rxf3 30. Rxf3 Rxf3 31. Bxe5 b5 32. cxb5 Bd7
33. Rc1 Bxb5 34. Rxc5 Bd3+ 35. Kb2 Rf2+ 36. Kc3 Be2 37. Rxc7 h5 38. gxh5 Rf3+
39. Kd4 Rd3+ 40. Ke4 Rh3 41. d6 Bd3+ 42. Kf4 Kf8 43. Rc8+ Kf7 44. d7 Bf5 45.
Kxf5 Rh4 46. Rf8+ 1-0

[Event "VIII Festival A"]
[Site "Robecchetto con Induno ITA"]
[Date "1996.06.??"]
[Round "3"]
[White "Griffa, Roberto"]
[Black "Scavo, Fernando"]
[Result "1/2-1/2"]
[WhiteElo "1920"]
[BlackElo "2150"]
[PlyCount "54"]
[EventDate "1996.06.24"]

1. d4 Nf6 2. Nf3 e6 3. Bg5 Be7 4. Nbd2 d5 5. e3 c5 6. c3 Nc6 7. Bd3 Qc7 8. O-O
O-O 9. Qe2 b6 10. Bf4 Bd6 11. Bxd6 Qxd6 12. e4 Qf4 13. e5 Nd7 14. Qe3 Qxe3 15.
fxe3 f6 16. exf6 Nxf6 17. e4 cxd4 18. Nxd4 Ne5 19. Bb5 a6 20. Nc6 axb5 21. Nxe5
dxe4 22. Nb3 b4 23. cxb4 Bb7 24. a3 Rfd8 25. Rad1 Rxd1 26. Rxd1 Bd5 27. Nd4 Rc8
1/2-1/2

[Event "VIII Festival A"]
[Site "Robecchetto con Induno ITA"]
[Date "1996.06.??"]
[Round "3"]
[White "La Torre, Giovanni"]
[Black "Tomasini, Giovanni"]
[Result "0-1"]
[WhiteElo "1854"]
[BlackElo "2011"]
[PlyCount "36"]
[EventDate "1996.06.24"]

1. Nf3 Nf6 2. b3 c5 3. Bb2 e6 4. e3 d5 5. c4 Nc6 6. cxd5 exd5 7. d4 Bg4 8. Nbd2
cxd4 9. exd4 Bb4 10. Be2 Ne4 11. O-O O-O 12. Re1 Bxf3 13. Nxf3 Bxe1 14. Nxe1
Re8 15. Bd3 Qh4 16. g3 Qf6 17. f3 Ng5 18. f4 Rxe1+ 0-1

[Event "VIII Festival A"]
[Site "Robecchetto con Induno ITA"]
[Date "1996.06.??"]
[Round "3"]
[White "Montaruli, Roberto"]
[Black "Marino, Danilo"]
[Result "1/2-1/2"]
[WhiteElo "1612"]
[BlackElo "1851"]
[PlyCount "85"]
[EventDate "1996.06.24"]

1. d4 Nf6 2. Nc3 c5 3. e4 cxd4 4. Qxd4 Nc6 5. Qa4 g6 6. Nf3 d6 7. Bc4 Bg7 8. e5
dxe5 9. Nxe5 O-O 10. Nxc6 bxc6 11. Qxc6 Bf5 12. Bb3 Ng4 13. O-O Rc8 14. Qf3 Qa5
15. Nd5 Rfe8 16. c3 Ne5 17. Qg3 Nd3 18. Bg5 Bf8 19. Qh4 Qc5 20. Rad1 Nxb2 21.
Rd2 Nd3 22. Rfd1 Ne5 23. Ne3 Nc6 24. Rd5 Qxc3 25. Nxf5 gxf5 26. Rxf5 Ne5 27.
Qh5 e6 28. Bf6 exf5 29. Qg5+ Ng6 30. Bxc3 Rxc3 31. Bxf7+ Kxf7 32. Qxf5+ Kg8 33.
Qd5+ Kh8 34. Qd4+ Bg7 35. Qxa7 Rd3 36. Rb1 Bd4 37. Qa4 Rf8 38. Rf1 Rd2 39. Qb4
Rfxf2 40. Qxd4+ Rxd4 41. Rxf2 Rd1+ 42. Rf1 Rd2 43. Rf2 1/2-1/2

[Event "VIII Festival A"]
[Site "Robecchetto con Induno ITA"]
[Date "1996.06.??"]
[Round "3"]
[White "Mrdja, Milan"]
[Black "Nurkic, Sahbaz"]
[Result "1-0"]
[WhiteElo "2450"]
[BlackElo "2365"]
[PlyCount "69"]
[EventDate "1996.06.24"]

1. e4 g6 2. d4 Bg7 3. c3 d5 4. exd5 Qxd5 5. Nf3 Nf6 6. Be2 O-O 7. O-O c5 8. c4
Qd6 9. dxc5 Qxd1 10. Rxd1 Ne4 11. Nd4 Rd8 12. Nb5 Rxd1+ 13. Bxd1 Na6 14. N1c3
Nxc3 15. bxc3 Be6 16. Be2 Nxc5 17. Be3 a6 18. Bxc5 axb5 19. cxb5 Bxc3 20. Rc1
Bf6 21. a3 Bd5 22. Bb4 e6 23. Bf3 Bxf3 24. gxf3 Bb2 25. Rc2 Bd4 26. Kf1 Kg7 27.
Rc7 Bb2 28. Rxb7 Bxa3 29. Bc3+ Kh6 30. Rxf7 Rf8 31. Bd2+ g5 32. Ra7 Bd6 33. Ra6
Bxh2 34. Rxe6+ Kh5 35. b6 1-0

[Event "VIII Festival A"]
[Site "Robecchetto con Induno ITA"]
[Date "1996.06.??"]
[Round "3"]
[White "Pernisco, Ermanno"]
[Black "Loncar, Robert"]
[Result "1/2-1/2"]
[WhiteElo "2092"]
[BlackElo "2455"]
[PlyCount "134"]
[EventDate "1996.06.24"]

1. d4 Nf6 2. c4 c5 3. d5 b5 4. cxb5 a6 5. e3 g6 6. Nc3 Bg7 7. Nf3 O-O 8. Be2
axb5 9. Bxb5 d6 10. O-O Ba6 11. Bxa6 Rxa6 12. e4 Nbd7 13. h3 Nb6 14. Qe2 Qa8
15. Bg5 Qb7 16. Nd2 Nfd7 17. Bxe7 Re8 18. Bh4 Bxc3 19. bxc3 Nxd5 20. Qc4 Nf4
21. Rfb1 Qa8 22. Bg3 Ne5 23. Qb5 Ra5 24. Qf1 Ned3 25. Nc4 Rxa2 26. Nxd6 Re6 27.
e5 Rxe5 28. Nxf7 Ree2 29. Nh6+ Kg7 30. Ng4 Qe4 31. Rxa2 Rxa2 32. Bxf4 Nxf4 33.
Re1 Ne2+ 34. Kh1 h5 35. Ne3 Qxe3 36. fxe3 Ng3+ 37. Kg1 Nxf1 38. Kxf1 Rc2 39.
Ra1 Rxc3 40. Ke2 Kf6 41. Ra6+ Kf5 42. Rc6 h4 43. Kf3 Rc1 44. Ke2 Rc2+ 45. Kf3
g5 46. Rc8 c4 47. Rc5+ Kf6 48. g3 hxg3 49. Kxg3 Rc1 50. Kg4 c3 51. Rc6+ Ke5 52.
Kxg5 Kd5 53. Rc8 Ke4 54. h4 Kd3 55. h5 Rg1+ 56. Kf6 Rf1+ 57. Kg7 Rg1+ 58. Kf6
Rf1+ 59. Kg7 Rg1+ 60. Kf6 Rh1 61. Kg6 c2 62. h6 Rg1+ 63. Kf7 Rf1+ 64. Kg7 Rg1+
65. Kf7 c1=Q 66. Rxc1 Rxc1 67. h7 Rc8 1/2-1/2

[Event "VIII Festival A"]
[Site "Robecchetto con Induno ITA"]
[Date "1996.06.??"]
[Round "3"]
[White "Schreiber, Edwin"]
[Black "Larghi, Riccardo"]
[Result "0-1"]
[WhiteElo "1934"]
[BlackElo "1740"]
[PlyCount "102"]
[EventDate "1996.06.24"]

1. e4 c5 2. Nf3 d6 3. d4 cxd4 4. Nxd4 Nf6 5. Nc3 a6 6. f4 e5 7. Nf3 Qc7 8. a4
Be7 9. Bd3 Be6 10. O-O Nbd7 11. fxe5 Nxe5 12. Nxe5 dxe5 13. Kh1 h6 14. Qe1 Bb4
15. Bd2 Bc4 16. Nb5 axb5 17. Bxb4 bxa4 18. Qg3 Nh5 19. Qg4 Bxd3 20. cxd3 g6 21.
Rfc1 Qd7 22. Qd1 Nf4 23. Rc3 Rd8 24. Raa3 b5 25. g3 Ne6 26. Qc1 f6 27. Rc6 Kf7
28. Rac3 Qd4 29. Ba5 Rd7 30. Bb6 Qb4 31. Qd2 Qxe4+ 32. Qg2 Qxg2+ 33. Kxg2 Ra8
34. Be3 b4 35. R3c4 a3 36. bxa3 bxa3 37. Rc1 Rxd3 38. Bxh6 a2 39. Ra1 Nd4 40.
Rc7+ Ke6 41. Rb7 Nc2 42. Rb6+ Kf5 43. Rf1+ Ke4 44. Rbxf6 a1=Q 45. Rxa1 Rxa1 46.
Rxg6 Ne3+ 47. Bxe3 Kxe3 48. h4 e4 49. h5 Rd5 50. g4 Kf4 51. h6 Rd2+ 0-1

[Event "VIII Festival A"]
[Site "Robecchetto con Induno ITA"]
[Date "1996.06.??"]
[Round "3"]
[White "Valenti, Giuseppe"]
[Black "Sgnaolin, Davide"]
[Result "1-0"]
[WhiteElo "2210"]
[BlackElo "1931"]
[PlyCount "55"]
[EventDate "1996.06.24"]

1. e4 c5 2. Nf3 Nc6 3. d4 cxd4 4. Nxd4 g6 5. Nc3 Bg7 6. Be3 Nf6 7. Bc4 O-O 8.
Bb3 d6 9. f3 Bd7 10. Qd2 Nxd4 11. Bxd4 b5 12. h4 a5 13. a4 e5 14. Be3 bxa4 15.
Nxa4 Bxa4 16. Rxa4 Qc7 17. g4 h5 18. Bg5 hxg4 19. Bxf6 Bxf6 20. fxg4 Qd7 21. g5
Bg7 22. Qg2 Rab8 23. h5 Rfc8 24. hxg6 Rxb3 25. cxb3 fxg6 26. Qh3 Qxh3 27. Rxh3
Rc2 28. Rxa5 1-0

[Event "VIII Festival A"]
[Site "Robecchetto con Induno ITA"]
[Date "1996.06.??"]
[Round "3"]
[White "Vujovic, Milorad"]
[Black "Larsen, Bo"]
[Result "1-0"]
[WhiteElo "2345"]
[BlackElo "1979"]
[PlyCount "67"]
[EventDate "1996.06.24"]

1. c4 f5 2. Nc3 Nf6 3. d3 e5 4. Nf3 Nc6 5. e4 Bc5 6. h3 d6 7. a3 a5 8. Rb1 O-O
9. Bg5 h6 10. Bxf6 Qxf6 11. Nd5 Qf7 12. b4 axb4 13. axb4 Bd4 14. b5 fxe4 15.
dxe4 Ne7 16. Nxe7+ Qxe7 17. Nxd4 exd4 18. Qxd4 Ra2 19. Be2 c6 20. bxc6 bxc6 21.
Qe3 Re8 22. O-O Bf5 23. f3 Qe5 24. Rf2 Rea8 25. Bf1 R8a3 26. Qb6 Bxh3 27. gxh3
Qg3+ 28. Bg2 c5 29. Rfb2 Qf4 30. Qb7 Kh7 31. Rxa2 Rxa2 32. Qd5 Qe3+ 33. Kh1
Rxg2 34. Kxg2 1-0

[Event "VIII Festival A"]
[Site "Robecchetto con Induno ITA"]
[Date "1996.06.??"]
[Round "4"]
[White "Amarilli, Francesco"]
[Black "Attorre, Michele"]
[Result "1-0"]
[WhiteElo "1890"]
[BlackElo "2010"]
[PlyCount "41"]
[EventDate "1996.06.24"]

1. c4 Nf6 2. g3 e5 3. Bg2 Nc6 4. Nc3 d6 5. d3 Be7 6. e4 Nd4 7. h3 O-O 8. Nge2
Ne6 9. O-O Bd7 10. Be3 Re8 11. Qd2 Nf8 12. f4 exf4 13. gxf4 Ng6 14. Kh2 Nh4 15.
Rg1 Nh5 16. f5 Bf6 17. Kh1 Bc6 18. Bf2 Qe7 19. Bxh4 Bxh4 20. Bf3 Nf6 21. Qh6
1-0

[Event "VIII Festival A"]
[Site "Robecchetto con Induno ITA"]
[Date "1996.06.??"]
[Round "4"]
[White "Barlocco, Carlo"]
[Black "Aglietti, Graziano"]
[Result "1-0"]
[WhiteElo "2170"]
[BlackElo "1755"]
[PlyCount "111"]
[EventDate "1996.06.24"]

1. Nf3 Nf6 2. b3 d5 3. Bb2 Bf5 4. e3 e6 5. d4 Nbd7 6. Be2 Be7 7. O-O Ne4 8. c4
c6 9. Nc3 Ndf6 10. Ne5 Nxc3 11. Bxc3 Ne4 12. Be1 O-O 13. c5 Qc7 14. b4 a5 15.
f3 Nf6 16. g4 Bg6 17. Bg3 Qc8 18. h4 h6 19. b5 Nd7 20. h5 Nxe5 21. Bxe5 Bh7 22.
b6 f6 23. Bg3 e5 24. Rc1 Qe6 25. Kg2 Rfe8 26. Bd3 Bf8 27. Bxh7+ Kxh7 28. Qc2+
Kg8 29. Rce1 e4 30. fxe4 Qxe4+ 31. Qxe4 Rxe4 32. Rf4 Rae8 33. Rxe4 Rxe4 34. Kf3
Kf7 35. Rc1 g6 36. Rc4 gxh5 37. gxh5 Ke6 38. Rc3 Kd7 39. Ra3 a4 40. Rxa4 Bxc5
41. Ra7 Bd6 42. Bxd6 Kxd6 43. Rxb7 c5 44. Rf7 cxd4 45. exd4 Rxd4 46. Rxf6+ Ke5
47. Rxh6 Rb4 48. Ke3 d4+ 49. Kd3 Kf5 50. Rc6 Ke5 51. h6 Rb1 52. h7 Rh1 53. b7
Rh3+ 54. Kc2 Rh2+ 55. Kb3 Rh3+ 56. Kb4 1-0

[Event "VIII Festival A"]
[Site "Robecchetto con Induno ITA"]
[Date "1996.06.??"]
[Round "4"]
[White "Belotti, Bruno"]
[Black "Mrdja, Milan"]
[Result "1/2-1/2"]
[WhiteElo "2390"]
[BlackElo "2450"]
[PlyCount "65"]
[EventDate "1996.06.24"]

1. e4 c5 2. Nf3 d6 3. d4 cxd4 4. Nxd4 Nf6 5. Nc3 a6 6. a4 e5 7. Nf3 h6 8. Bc4
Be7 9. Nh4 O-O 10. Ng6 Re8 11. O-O Qc7 12. Nxe7+ Rxe7 13. Nd5 Nxd5 14. Bxd5 Be6
15. Bxe6 Rxe6 16. Be3 Nd7 17. Qd3 Rc8 18. Rfc1 Nc5 19. Qd5 Qd7 20. a5 Rg6 21.
g3 h5 22. b4 Ne6 23. c4 h4 24. Qd2 hxg3 25. hxg3 Rg4 26. c5 Rc6 27. Rc4 Nd4 28.
Bxd4 Rxe4 29. Rac1 Rxd4 30. Rxd4 exd4 31. Qxd4 Qe6 32. Kg2 dxc5 33. Rxc5
1/2-1/2

[Event "VIII Festival A"]
[Site "Robecchetto con Induno ITA"]
[Date "1996.06.??"]
[Round "4"]
[White "Gandolfo, Marco"]
[Black "Valenti, Giuseppe"]
[Result "0-1"]
[WhiteElo "1961"]
[BlackElo "2210"]
[PlyCount "90"]
[EventDate "1996.06.24"]

1. d4 Nf6 2. Nf3 b6 3. Bg5 e6 4. Nbd2 Be7 5. e4 d6 6. c3 Bb7 7. Bd3 Nbd7 8. O-O
e5 9. Re1 h6 10. Bxf6 Bxf6 11. Qc2 O-O 12. Rad1 Re8 13. Nc4 g6 14. dxe5 dxe5
15. Bf1 Bg7 16. Ne3 Qc8 17. Nd2 Nc5 18. Bc4 c6 19. f3 Qc7 20. b4 Ne6 21. Ndf1
h5 22. Rd2 Bh6 23. Red1 b5 24. Bb3 Qb6 25. Kf2 Bc8 26. Rd6 Bf8 27. Rxc6 Qxc6
28. Bd5 Qb6 29. Bxa8 a5 30. a3 axb4 31. axb4 Nf4 32. Bd5 Bh6 33. Bb3 Nxg2 34.
Kxg2 Bxe3 35. Nxe3 Qxe3 36. Qd3 Qg5+ 37. Kh1 Qf4 38. Kg2 Kg7 39. Rd2 Qg5+ 40.
Kh1 Bh3 41. Bd5 Re7 42. Qe2 Ra7 43. Rd1 Ra3 44. Rg1 Qf4 45. c4 Rxf3 0-1

[Event "VIII Festival A"]
[Site "Robecchetto con Induno ITA"]
[Date "1996.06.??"]
[Round "4"]
[White "Giordani, Marco"]
[Black "Tortarolo, Massimiliano"]
[Result "0-1"]
[WhiteElo "1947"]
[BlackElo "2235"]
[PlyCount "85"]
[EventDate "1996.06.24"]

1. d4 Nf6 2. c4 g6 3. Nc3 d5 4. Nf3 Bg7 5. cxd5 Nxd5 6. e4 Nxc3 7. bxc3 c5 8.
Be3 Qa5 9. Qd2 Nc6 10. Rc1 cxd4 11. cxd4 Qxd2+ 12. Kxd2 O-O 13. Bb5 f5 14. exf5
Bxf5 15. Bxc6 bxc6 16. Rxc6 Rfb8 17. Kc3 Rb6 18. Rxb6 axb6 19. Kb2 Be4 20. Rc1
Bd5 21. a3 e6 22. Ne1 e5 23. Rd1 Ra4 24. Nc2 exd4 25. Bxd4 Bxd4+ 26. Rxd4 Rxd4
27. Nxd4 Bxg2 28. Kc3 Bf1 29. Ne6 Kf7 30. Nf4 Kf6 31. Nd5+ Kg5 32. Nxb6 Kh4 33.
Kd4 Kh3 34. Ke5 Kxh2 35. f4 Bd3 36. Nd5 Kg3 37. a4 h5 38. a5 h4 39. f5 Bxf5 40.
Nf4 Bc8 41. Nxg6 h3 42. Nf4 h2 43. Ne2+ 0-1

[Event "VIII Festival A"]
[Site "Robecchetto con Induno ITA"]
[Date "1996.06.??"]
[Round "4"]
[White "Guglielmi, Nicolo'"]
[Black "Schreiber, Edwin"]
[Result "0-1"]
[WhiteElo "1770"]
[BlackElo "1934"]
[PlyCount "37"]
[EventDate "1996.06.24"]

1. c4 g6 2. d4 c5 3. Nf3 Nf6 4. Nc3 cxd4 5. Nxd4 Nc6 6. e4 Bg7 7. Be3 O-O 8.
Be2 Qa5 9. Nb3 Qc7 10. Rc1 b6 11. O-O d6 12. f3 e6 13. Nb5 Qe7 14. Qxd6 Qxd6
15. Nxd6 Ne8 16. Nxe8 Rxe8 17. Rb1 Ba6 18. a3 Rac8 19. Rfc1 0-1

[Event "VIII Festival A"]
[Site "Robecchetto con Induno ITA"]
[Date "1996.06.??"]
[Round "4"]
[White "Larghi, Riccardo"]
[Black "La Torre, Giovanni"]
[Result "1-0"]
[WhiteElo "1740"]
[BlackElo "1854"]
[PlyCount "68"]
[EventDate "1996.06.24"]

1. e4 Nc6 2. Nf3 d6 3. d4 Bg4 4. Be2 g6 5. Be3 Bg7 6. O-O Nf6 7. h3 Bxf3 8.
Bxf3 O-O 9. Nc3 Rb8 10. a4 a5 11. Qd2 Nb4 12. Ne2 c6 13. c3 Na6 14. Bh6 Qc7 15.
Bxg7 Kxg7 16. g3 b5 17. axb5 Rxb5 18. Ra2 Rfb8 19. Rfa1 c5 20. b3 cxd4 21. Nxd4
Re5 22. b4 Qd7 23. Rxa5 Rxa5 24. Rxa5 Nc7 25. Kg2 Ne6 26. c4 Nxd4 27. Qxd4 Rxb4
28. Ra7 e5 29. Rxd7 exd4 30. Rxd6 Rxc4 31. e5 Ne8 32. Rd7 Rc7 33. e6 Kf8 34.
e7+ Kg7 1-0

[Event "VIII Festival A"]
[Site "Robecchetto con Induno ITA"]
[Date "1996.06.??"]
[Round "4"]
[White "Larsen, Bo"]
[Black "Cillo, Angelo"]
[Result "1-0"]
[WhiteElo "1979"]
[BlackElo "1794"]
[PlyCount "51"]
[EventDate "1996.06.24"]

1. e4 e5 2. Nc3 Nc6 3. Bc4 Nf6 4. d3 Be7 5. f4 exf4 6. Bxf4 d6 7. Nf3 O-O 8.
O-O Bg4 9. h3 Bxf3 10. Qxf3 Ne5 11. Bxe5 dxe5 12. g4 h6 13. Kh1 Qd7 14. Ne2 Bc5
15. Qg3 b5 16. Bb3 Rae8 17. Rf5 a5 18. a4 b4 19. Raf1 Re7 20. Rxf6 gxf6 21.
Rxf6 Kh7 22. Qf3 Rg8 23. Bxf7 Rg7 24. Rxh6+ Kxh6 25. Qf6+ Kh7 26. Qh4# 1-0

[Event "VIII Festival A"]
[Site "Robecchetto con Induno ITA"]
[Date "1996.06.??"]
[Round "4"]
[White "Loda', Domenico"]
[Black "Delanoy, Arnaud"]
[Result "0-1"]
[WhiteElo "1632"]
[BlackElo "2150"]
[PlyCount "86"]
[EventDate "1996.06.24"]

1. e4 e5 2. Nf3 Nf6 3. d4 Nxe4 4. dxe5 d5 5. exd6 Nxd6 6. Be2 Be7 7. O-O O-O 8.
Nc3 c6 9. b3 Bf5 10. Bd3 Bg4 11. Bd2 Bf6 12. Rb1 Nd7 13. Be2 Nc5 14. Nd4 Bxe2
15. Ndxe2 Ne6 16. Ng3 g6 17. Nce4 Nxe4 18. Nxe4 Bd4 19. Bh6 Bg7 20. Bxg7 Kxg7
21. Qf3 f5 22. Qc3+ Qd4 23. Qxd4+ Nxd4 24. Nc5 b6 25. Nd3 Nxc2 26. Rb2 Nd4 27.
Re1 Rae8 28. Rxe8 Rxe8 29. Kf1 Kf6 30. Rd2 g5 31. h3 c5 32. Ne1 a5 33. Nd3 h6
34. Ne1 Ke6 35. Nc2 Nxc2 36. Rxc2 Kd5 37. Rd2+ Kc6 38. g3 b5 39. Kg2 c4 40.
bxc4 bxc4 41. Kf3 Kc5 42. h4 c3 43. Re2 g4+ 0-1

[Event "VIII Festival A"]
[Site "Robecchetto con Induno ITA"]
[Date "1996.06.??"]
[Round "4"]
[White "Marino, Danilo"]
[Black "Giretti Kanev, Jasen"]
[Result "1-0"]
[WhiteElo "1851"]
[BlackElo "2220"]
[PlyCount "77"]
[EventDate "1996.06.24"]

1. e4 d6 2. d4 Nf6 3. Nc3 Nbd7 4. Be2 e5 5. d5 Be7 6. g4 Nc5 7. Bf3 a5 8. g5
Ng8 9. h4 Bd7 10. Nge2 b5 11. Ng3 b4 12. Nce2 g6 13. Be3 h6 14. Qd2 a4 15. O-O
hxg5 16. hxg5 Bh3 17. Rfc1 Rb8 18. c4 Rh4 19. Bh1 f5 20. exf5 gxf5 21. f4 Kd7
22. Bg2 Bg4 23. Kf2 Bxe2 24. Nxe2 Rg4 25. Bf3 exf4 26. Bxc5 Bxg5 27. Qc2 Bh4+
28. Kf1 Qg5 29. Qxa4+ Kd8 30. Nd4 Rg1+ 31. Ke2 Rg2+ 32. Kd3 Qg3 33. Re1 Ne7 34.
Rxe7 Bxe7 35. Ne6+ Kc8 36. Qe8+ Bd8 37. Qxd8+ Kb7 38. Qxc7+ Ka6 39. Qa7# 1-0

[Event "VIII Festival A"]
[Site "Robecchetto con Induno ITA"]
[Date "1996.06.??"]
[Round "4"]
[White "Nurkic, Sahbaz"]
[Black "Pernisco, Ermanno"]
[Result "1-0"]
[WhiteElo "2365"]
[BlackElo "2092"]
[PlyCount "39"]
[EventDate "1996.06.24"]

1. e4 c5 2. c3 Nf6 3. e5 Nd5 4. d4 cxd4 5. Nf3 e6 6. cxd4 b6 7. Nc3 Nxc3 8.
bxc3 Qc7 9. Bd2 Ba6 10. Bxa6 Nxa6 11. O-O Rc8 12. Ng5 Nb8 13. Qh5 d5 14. Nxe6
Qc6 15. Nxf8 Kxf8 16. f4 h6 17. f5 Kg8 18. Rae1 Qe8 19. Re3 Nd7 20. Qf3 1-0

[Event "VIII Festival A"]
[Site "Robecchetto con Induno ITA"]
[Date "1996.06.??"]
[Round "4"]
[White "Quagliarella, Sabino Remo"]
[Black "Griffa, Roberto"]
[Result "0-1"]
[WhiteElo "1730"]
[BlackElo "1920"]
[PlyCount "130"]
[EventDate "1996.06.24"]

1. Nf3 d5 2. c4 c6 3. g3 Nf6 4. Bg2 Bf5 5. Qb3 Qb6 6. O-O e6 7. d3 Nbd7 8. Nc3
Be7 9. Be3 Qxb3 10. axb3 a6 11. Na4 O-O 12. Bd4 Rfe8 13. Ne5 Nxe5 14. Bxe5 Nd7
15. Bc7 Rec8 16. Bb6 Bd8 17. Bxd8 Rxd8 18. c5 Kf8 19. b4 d4 20. b3 e5 21. Rac1
Be6 22. Rb1 f6 23. f4 exf4 24. Rxf4 Ne5 25. Nb6 Rab8 26. Nc4 Bxc4 27. bxc4 b6
28. Be4 bxc5 29. Rbf1 cxb4 30. Bxh7 b3 31. g4 b2 32. Rb1 Ke7 33. Re4 a5 34. e3
c5 35. exd4 Rxd4 36. Re2 Rxg4+ 37. Kh1 g6 38. Rbxb2 Rxb2 39. Rxb2 Nxd3 40. Rb7+
Kd6 41. h3 Rxc4 42. Bxg6 Ne5 43. Bf5 Rf4 44. Rb6+ Nc6 45. Bg6 Rb4 46. Ra6 Kc7
47. Ra8 c4 48. Rf8 Ne5 49. Bf5 Nf3 50. Rxf6 Rb2 51. Bc2 Rxc2 52. Rxf3 c3 53. h4
a4 54. h5 a3 55. h6 Rc1+ 56. Kg2 a2 57. Rf7+ Kd6 58. h7 a1=Q 59. h8=Q Rg1+ 60.
Kf3 Qd1+ 61. Ke4 Qd5+ 62. Ke3 Re1+ 63. Kf2 Qd2+ 64. Kg3 Qe3+ 65. Rf3 Qg5+ 0-1

[Event "VIII Festival A"]
[Site "Robecchetto con Induno ITA"]
[Date "1996.06.??"]
[Round "4"]
[White "Scavo, Fernando"]
[Black "Ranieri, Fabrizio"]
[Result "1/2-1/2"]
[WhiteElo "2150"]
[BlackElo "1924"]
[PlyCount "80"]
[EventDate "1996.06.24"]

1. d4 e6 2. Nf3 Be7 3. c4 d5 4. Nc3 Nf6 5. cxd5 exd5 6. Bg5 O-O 7. e3 Nbd7 8.
Bd3 Re8 9. O-O c6 10. Qc2 Nf8 11. Rab1 Ng6 12. b4 a6 13. a4 Qd6 14. Rfc1 h6 15.
Bxf6 Qxf6 16. h3 Bd6 17. Qe2 Nf4 18. Qd2 Nxd3 19. Qxd3 Bf5 20. Qd2 Bxb1 21.
Rxb1 Qf5 22. a5 g5 23. Qd1 Kg7 24. Na4 h5 25. Nc5 Re7 26. Qd3 Qxd3 27. Nxd3 f6
28. g3 Rh8 29. h4 Kg6 30. Kg2 Rg8 31. Rh1 g4 32. Nd2 b6 33. Nb3 Rb8 34. Rc1 Rc7
35. axb6 Rxb6 36. Nbc5 Ra7 37. Na4 Rb5 38. Rxc6 Bxb4 39. Nf4+ Kf7 40. Nxh5 Be7
1/2-1/2